Ville de Calais en images - Statistiques

Statistiques générales
  • Ce quiz a été pris 9 fois
  • Le résultat moyen est 10 sur 16
Statistiques - réponses
Par images Hint Réponse % Correct
Monument et bâtiment administratif Mairie de Calais
100%
Centre commercial Cité Europe
86%
Centre commercial Coeur de vie
86%
Moyen de transport liant la France et l'Angleterre Ferrie
86%
Elément maritime historique Phare de Calais
86%
Place Place d'Armes
86%
Edifice historique Citadelle de Calais
71%
Complexe aquatique Icéo
71%
Restaurant gastronomique Au Côte d'Argent
57%
Gare centrale Calais-Ville
57%
Navette fluviale Majest'in
57%
Grand stade Stade de l'Epopée
57%
Etablissement supérieur Université du Littoral Côte d'Opale
57%
Musée Calaisien Cité de la dentelle
43%
Pont mobile Pont Curie
14%
Pont mobile Pont de Vic
14%
Aucun quiz correspondant
Distribution des résultats
% des personnes avec chaque résultat
Percentile par nombre de réponses
Votre historique - résultats
Vous n’avez pas pris ce quiz